Hybrid v systému regionálního školství? Postavení a specifika uměleckého vzdělávání v ČR

Umelecké vzdelávanie v Českej republike. Významné medzníky v histórii základného umeleckého vzdelávania. Transformácia základného umeleckého vzdelávania a rozvoj po roku 1989. Vývoj v posledných rokoch a aktuálna situácia.

Saved in:
Bibliographic Details
Main Author: Hradecká, Pavla
Other Authors: Vaceková, Gabriela
Format: Book Chapter
Language:Czech
Subjects:
Tags: Add Tag
No Tags, Be the first to tag this record!

MARC

LEADER 00000naa$a2200000$$$4500
001 0248437
005 20181024105824.9
041 0 |a cze 
044 |a CZ 
245 1 0 |a Hybrid v systému regionálního školství? Postavení a specifika uměleckého vzdělávání v ČR  |c Pavla Hradecká, Gabriela Vaceková 
520 |a Umelecké vzdelávanie v Českej republike. Významné medzníky v histórii základného umeleckého vzdelávania. Transformácia základného umeleckého vzdelávania a rozvoj po roku 1989. Vývoj v posledných rokoch a aktuálna situácia. 
610 2 0 |a vzdelávanie 
610 2 0 |a umenie 
610 2 0 |a školy základné 
610 2 0 |a história 
610 2 0 |a Česko 
100 1 |a Hradecká, Pavla 
700 1 |a Vaceková, Gabriela